000 00684nam a22002297a 4500
005 20150219122755.0
008 140714b xxu||||| |||| 00| 0 Urdu d
010 _aUR-8634
020 _c300..00
020 _c9789350734278
035 _aU-7189
037 _bDBAD/Pub.
040 _aDPL
_bUrdu
082 _aن
100 _aحبيب بد ر
245 _aچا ند نی کے د ا من مين
_cحبيب بد ر
246 _aChandni ke Daman Mein
_bBy Habib Badar
260 _aد ھلی
_bEducational Publishing House
_c2014
270 _a3108,Vakeel Street,Kucha Pandit,Lal Kuan
_b.Delhi
_e110006
300 _a280ص
_c22Cm (Hb)
942 _2ddc
_cUR
_e
_hن
_mح ب ی
999 _c91574
_d91574